Credit management of commercial banks of Nepal (Record no. 62858)
[ view plain ]
| 000 -LEADER | |
|---|---|
| fixed length control field | 00463 a2200157 4500 |
| 008 - FIXED-LENGTH DATA ELEMENTS--GENERAL INFORMATION | |
| fixed length control field | 150906b xxu||||| |||| 00| 0 eng d |
| 041 ## - LANGUAGE CODE | |
| Language code of text/sound track or separate title | Eng. |
| 082 ## - DEWEY DECIMAL CLASSIFICATION NUMBER | |
| Classification number | CD5036 |
| 100 ## - MAIN ENTRY--PERSONAL NAME | |
| Personal name | Thapa, Rishikesh |
| 245 ## - TITLE STATEMENT | |
| Title | Credit management of commercial banks of Nepal |
| 260 ## - PUBLICATION, DISTRIBUTION, ETC. (IMPRINT) | |
| Place of publication, distribution, etc | Ktm |
| Name of publisher, distributor, etc | NP |
| Date of publication, distribution, etc | 2010 |
| 502 ## - DISSERTATION NOTE | |
| Dissertation note | Dissertation |
| Degree type | Management |
| Name of granting institution | Shankar dev |
| 650 ## - SUBJECT ADDED ENTRY--TOPICAL TERM | |
| Topical term or geographic name as entry element | Investment bank |
| -- | Commercial bank |
| -- | Interest rates |
| -- | Data analysis |
| 653 ## - INDEX TERM--UNCONTROLLED | |
| Uncontrolled term | Management |
| 942 ## - ADDED ENTRY ELEMENTS (KOHA) | |
| Source of classification or shelving scheme | Dewey Decimal Classification |
| Koha item type | Audio Visual Materials |
| Withdrawn status | Lost status | Source of classification or shelving scheme | Damaged status | Not for loan | Home library | Current library | Date acquired | Total Checkouts | Full call number | Barcode | Date last seen | Price effective from | Koha item type |
|---|---|---|---|---|---|---|---|---|---|---|---|---|---|
| Dewey Decimal Classification | Tribhuvan University Central Library | Tribhuvan University Central Library | 04/15/2014 | CD5036 | A4438 | 04/15/2014 | 04/15/2014 | Audio Visual Materials |
